|
|
|
|
| LEADER |
00000nmm a2200000 a 4500 |
| 001 |
vtls001466152 |
| 003 |
SK-MaSNL |
| 005 |
20260425222459.0 |
| 008 |
160624s2003 xo va 0 slo |
| 015 |
|
|
|a SNBS2004/01-00364
|
| 020 |
|
|
|a 8089095062
|
| 035 |
|
|
|a SNK000421457
|
| 040 |
|
|
|a SNK
|b slo
|c SNK
|e AACR2
|
| 041 |
0 |
|
|a slo
|
| 043 |
|
|
|a e-xo---
|
| 044 |
|
|
|a xo
|c SK
|
| 072 |
|
7 |
|a 662
|x Výbušniny. Palivá
|2 konspekt
|
| 080 |
|
|
|a 662.76
|2 1981
|
| 080 |
|
|
|a (0.034.44)
|2 1981
|
| 080 |
|
|
|a (063)
|2 1981
|
| 080 |
|
|
|a 665.6
|2 1981
|
| 080 |
|
|
|a 37.0
|2 1981
|
| 245 |
1 |
|
|a Vzdelávanie v plynárenskom a naftovom priemysle
|h elektronický zdroj
|b zborník prednášok z odborného seminára, Žilina 2003
|
| 256 |
|
|
|a Elektronické dokumenty
|
| 260 |
|
|
|a Bratislava
|b Slovenská plynárenská agentúra
|c 2003
|
| 300 |
|
|
|a 1 elektronická optická platňa
|
| 650 |
0 |
7 |
|a plynárstvo
|2 SNKPH
|9 1675
|
| 650 |
0 |
7 |
|a naftový priemysel
|2 SNKPH
|9 293382
|
| 650 |
0 |
7 |
|a vzdelávanie
|2 SNKPH
|9 4033
|
| 655 |
|
7 |
|a elektronické dokumenty
|2 SNKPH
|9 70518
|
| 655 |
|
7 |
|a zborníky konferencií
|2 SNKPH
|9 70153
|
| 655 |
|
7 |
|a CD-ROM
|2 SNKPH
|9 70236
|
| 710 |
0 |
|
|a Slovenská plynárenská agentúra
|4 orz
|9 36056
|
| 710 |
0 |
|
|a Slovenský plynárenský priemysel
|4 orz
|9 32701
|
| 710 |
0 |
|
|a Slovenský plynárenský a naftový zväz
|4 orz
|9 36057
|
| 919 |
|
|
|a 80-89095-06-2
|
| 999 |
|
|
|c 558482
|d 560412
|
| 952 |
|
|
|t P60, <03>, [AUDIO], {603}
|a SNK
|b SNK
|y PREZ
|7 0
|p 17A0408294
|o snkSCDM 379
|i snkJK 14/2004
|0 0
|1 0
|4 0
|d 2004-01-13
|l 0
|r 2005-01-02 00:00:00
|w 2026-02-23
|
| 952 |
|
|
|a SNK
|b SNK
|y PREZ
|7 0
|p 17A0408293
|o snkSCDM 379 D1
|i snkJK 15/2004
|0 0
|1 0
|4 0
|d 2004-01-13
|l 0
|r 2005-01-02 00:00:00
|w 2026-02-23
|